Zhodnotenie možností uplatnenia odpočtu nákladov na výskum a vývoj ako nástroja daňovej optimalizácie v podnikateľskej účtovnej jednotke v SR diplomová práca

Na minha lista:
Detalhes bibliográficos
Autor principal: Konopková, Barbora
Autor Corporativo: Fakulta hospodárskej informatiky EU. Katedra účtovníctva a audítorstva
Outros Autores: Vašeková, Miroslava, 1978-
Formato: Livro
Idioma:eslovaco
Publicado em: Bratislava 2025
Tags: Adicionar Tag
Sem tags, seja o primeiro a adicionar uma tag!

MARC

LEADER 00000nbm a2200000 4500
001 0310517
005 20251208123648.8
041 0 |a slo 
044 |a SK 
245 1 0 |a Zhodnotenie možností uplatnenia odpočtu nákladov na výskum a vývoj ako nástroja daňovej optimalizácie v podnikateľskej účtovnej jednotke v SR  |b diplomová práca  |c Barbora Konopková ; školiteľ: Miroslava Vašeková 
264 1 |a Bratislava  |c 2025 
300 |a 66 s. 
100 1 |a Konopková, Barbora 
700 1 |a Vašeková, Miroslava, 1978- 
710 2 |a Fakulta hospodárskej informatiky EU. Katedra účtovníctva a audítorstva